000
00290nam a2200109Ia 4500
008
200302s9999 xx 000 0 und d
100
_a
Austin Williams and Other
245
_a
The Lure of the City From Slums to Suburbs
260
_b
Pluto Press Published
260
_c
2011
300
_a
207 P.,
999
_c
5419
_d
5419